000 00562nam a22001817a 4500
005 20231128123900.0
008 231128b |||||||| |||| 00| 0 eng d
020 _a9781405746229
041 _aEnglish
082 _a340.1 HAR
100 _aHardee, M
_lEnglish
245 _aLegal Education and training :
_bA practical guide for law firms /
_cM Hardee
250 _aFirst Edition
260 _aDurban :
_bLexisNexis,
_c2010
300 _bxxxvi, 483 pages ;
_c26 cm.
650 _aLegal practice
_bLaw
942 _cBK
_6ALISON_BN_VRIES
999 _c1009
_d1009